000 00264nam a2200109Ia 4500
008 190216s9999||||xx |||||||||||||| ||und||
100 _aSingh A K
245 0 _aHistory Of Far East In Modern Times
260 _bSurjeet Pubs.Delhi
650 _aHistory
942 _cBK
999 _c19796
_d19796